| 000 | 00487 a2200181 4500 | ||
|---|---|---|---|
| 001 | 77525 | ||
| 020 | _a9788131720332 | ||
| 082 | _a629.1323 BAR | ||
| 090 |
_c39323 _d39323 |
||
| 100 | _aR H Barnard : D R Philpott | ||
| 245 |
_aAircraft Flight 3rd/Ed _cR H Barnard : D R Philpott _hEnglish |
||
| 250 | _a3rd | ||
| 260 |
_aNew Delhi _bPearson Education _c2008 |
||
| 300 | _aix 370 | ||
| 500 | _aDOS BS Reference Books | ||
| 505 | _aGifted Books | ||
| 600 | _aAircraft Flight | ||
| 942 |
_acaenust _k629.1323 BAR _cBS |
||
| 999 |
_c312598 _d312598 |
||